| 000 | 00872nam a2200241 a 4500 | ||
|---|---|---|---|
| 005 | 20171009105744.0 | ||
| 008 | 140317b2005 ck ||||| |||| 00| 0 spa d | ||
| 040 |
_aCO-BoIAVH _cCO-BoIAVH |
||
| 041 | _aspa | ||
| 044 | _ack | ||
| 082 |
_a333.72 _bM66s |
||
| 110 | _bMinisterio de Ambiente, Vivienda y Desarrollo Territorial | ||
| 245 |
_aIncorporación de la actividad minera en los procesos de ordenamiento territorial _bguía metodológica 2 |
||
| 260 |
_aBogotá _bMinisterio de Ambiente, Vivienda y Desarrollo Territorial _c2005 |
||
| 300 | _a64 páginas | ||
| 650 | 1 | 6 | _aOrdenamiento territorial |
| 650 | 1 | 6 |
_aImpacto ambiental de la minería _zColombia |
| 650 | 1 | 6 | _aLicencias ambientales |
| 650 | 1 | 6 | _aExplotación minera |
| 650 | 1 | 6 |
_aRecursos naturales _vConservación |
| 942 |
_cLIBRO _2ddc |
||
| 945 | _d2005-11-25 | ||
| 999 |
_c4887 _d4887 |
||